| 000 | 00370nam a2200145Ia 4500 | ||
|---|---|---|---|
| 008 | 150201s2004 xx 000 0 und d | ||
| 082 |
_a617.643 _bO2004L |
||
| 100 | _aLINDEN, VANDER | ||
| 245 | _aORTHODONTIC CONCEPTS & STRATEGIES | ||
| 250 | _a1ST | ||
| 260 |
_bQUINTESSENCE PUBLICATION _aCHICAGO _c2004 |
||
| 300 | _a1-310 | ||
| 650 | _aORTHODONTICS | ||
| 942 |
_2ddc _cBK |
||
| 999 |
_c4487 _d4487 |
||